Psychological Experiments in Consumer Behavior
Gespeichert in:
| Weitere Verfasser: | |
|---|---|
| Format: | Buch |
| Sprache: | Englisch |
| Veröffentlicht: |
New York
Wiley
1970
|
| Ausgabe: | 1. ed. |
| Schlagworte: | |
| Tags: |
Keine Tags, Fügen Sie das erste Tag hinzu!
|
MARC
| LEADER | 00000nam a2200000 4500 | ||
|---|---|---|---|
| 001 | c001043 | ||
| 005 | 20221220103327.4 | ||
| 020 | |a 0-471-10481-7 | ||
| 041 | 0 | |a eng | |
| 044 | |a US | ||
| 245 | 1 | 0 | |a Psychological Experiments in Consumer Behavior |c Edit. Steuart Henderson Britt |
| 250 | |a 1. ed. | ||
| 264 | 1 | |a New York |b Wiley |c 1970 | |
| 300 | |a 416 s. | ||
| 610 | 2 | 0 | |a psychológia predaja |
| 610 | 2 | 0 | |a predaj |
| 610 | 2 | 0 | |a spotrebitelia |
| 610 | 2 | 0 | |a správanie |
| 610 | 2 | 0 | |a experimenty |
| 610 | 2 | 0 | |a kultúra |
| 610 | 2 | 0 | |a osobnosť |
| 610 | 2 | 0 | |a podnik |
| 610 | 2 | 0 | |a výrobky |
| 610 | 2 | 0 | |a reklama |
| 610 | 2 | 0 | |a rozhodovanie |
| 700 | 1 | |a Britt, Steuart Henderson | |